000 01141nam a22002297a 4500
999 _c21981
_d21981
003 AR-CdUCM
008 190425b ||||| |||| 00| 0 spa d
040 _aMUNICIPALIDAD PROVINCIAL DEL CUSCO
_cBIBLIOTECA MUNICIPAL DEL CUSCO
082 _aCsyArts/N°3/1958
245 _aCiencias y Artes :
_bRevista de Cultura /
_cÓrgano de la Gran Unidad Escolar Inca Garcilaso de la Vega
260 _aCusco.
_bH.G. Rozas,
_c1958.
300 _a118 páginas. :
_c21 cm.
440 _aRevista de Cultura Ciencias y Artes.
_nAño II, Número 3, diciembre de 1958.
_947046
505 _aContenido: La orientación vocacional del alumno. Manuel Cuadros. -- Los procesos de aprendizaje y estudio. Hugo Flórez Ugarte. -- La educación Inkaika. Daniel Valcarcel. -- Informe sobre el concurso de ortografía. David Samanez. -- Primer Symposium de Lenguaje y Literatura realizado en la gran unidad escolar Inca Garcilaso de la Vega.
650 _aEducación
_9460
650 _aEducación técnica
_95178
650 _aEducación Inka
_946648
700 _aValcárcel, Daniel
_91727
700 _aCuadros, Manuel
_947047
942 _2ddc
_cPP
945 _arac